000
00243 a2200097 4500
001
54236
100
_a
Taha,Hamdy.A
245
_a
Operations Research:An Introduction
260
_a
Islamabad
_b
National Book Foundation
_c
090
_c
33815
_d
33815
942
_a
NUST-CAE
_c
M
_c
26464
999
_c
289309
_d
289309